<?xml version="1.0" encoding="UTF-8"?>
<collection xmlns="http://www.loc.gov/MARC21/slim">
<record>
  <controlfield tag="001">30431</controlfield>
  <controlfield tag="005">20220718110458.0</controlfield>
  <datafield tag="037" ind1=" " ind2=" ">
    <subfield code="a">NORMAS-2014-219</subfield>
  </datafield>
  <datafield tag="100" ind1=" " ind2=" ">
    <subfield code="a">Rector de la Universidad de Zaragoza</subfield>
  </datafield>
  <datafield tag="245" ind1=" " ind2=" ">
    <subfield code="a">Orden de precedencias de los decanos y directores de las facultades y escuelas de la Universidad de Zaragoza </subfield>
  </datafield>
  <datafield tag="260" ind1=" " ind2=" ">
    <subfield code="a">Zaragoza</subfield>
    <subfield code="b">Consejo de Gobierno de la Universidad de Zaragoza</subfield>
    <subfield code="c">2011-09-01</subfield>
  </datafield>
  <datafield tag="653" ind1="1" ind2=" ">
    <subfield code="a">Protocolo y honores</subfield>
  </datafield>
  <datafield tag="700" ind1=" " ind2=" ">
    <subfield code="a">Rector de la Universidad de Zaragoza</subfield>
  </datafield>
  <datafield tag="650" ind1=" " ind2=" ">
    <subfield code="a">Protocolo</subfield>
  </datafield>
  <datafield tag="650" ind1=" " ind2=" ">
    <subfield code="a">Precedencia</subfield>
  </datafield>
  <datafield tag="650" ind1=" " ind2=" ">
    <subfield code="a">Orden</subfield>
  </datafield>
  <datafield tag="650" ind1=" " ind2=" ">
    <subfield code="a">Decanos</subfield>
  </datafield>
  <datafield tag="650" ind1=" " ind2=" ">
    <subfield code="a">Directores </subfield>
  </datafield>
  <datafield tag="856" ind1="0" ind2=" ">
    <subfield code="f">secregen@unizar.es</subfield>
  </datafield>
  <datafield tag="856" ind1="4" ind2=" ">
    <subfield code="s">307602</subfield>
    <subfield code="u">http://zaguan.unizar.es/record/30431/files/norma_OrdenPrecedenciasDecanosyDirectores_2011_original.pdf</subfield>
    <subfield code="y">Resolución 1 septiembre 2011, Rector (DEROGADA</subfield>
    <subfield code="z">1</subfield>
  </datafield>
  <datafield tag="856" ind1="4" ind2=" ">
    <subfield code="s">1217311</subfield>
    <subfield code="u">http://zaguan.unizar.es/record/30431/files/BOUZ-2022-003.pdf</subfield>
    <subfield code="y">Resolución 29 marzo 2022, Rector</subfield>
  </datafield>
  <datafield tag="920" ind1=" " ind2=" ">
    <subfield code="a">BOUZ 09-11 23/09/2011</subfield>
  </datafield>
  <datafield tag="980" ind1=" " ind2=" ">
    <subfield code="a">NORMAS</subfield>
  </datafield>
</record>
</collection>